[Event "Wch Rapid"]
[Site "St Petersburg"]
[Date "2018.12.26"]
[Round "1"]
[White "Hovhannisyan, Robert"]
[Black "Aronian, Levon"]
[Result "1-0"]
[WhiteElo "2637"]
[BlackElo "2765"]
[PlyCount "133"]
[EventDate "2018.12.26"]
[EventType "swiss (rapid)"]
[EventRounds "15"]
[EventCountry "RUS"]
[SourceTitle "CBM 187 Extra"]
[Source "ChessBase"]
[SourceDate "2018.11.04"]
[SourceVersion "1"]
[SourceVersionDate "2018.11.04"]
[SourceQuality "1"]

1. e4 g6 2. d4 Bg7 3. Nc3 c6 4. Nf3 d6 5. h3 Nf6 6. Bd3 O-O 7. O-O Re8 8. Bf4
Qb6 9. Rb1 Nbd7 10. e5 dxe5 11. dxe5 Nd5 12. Nxd5 cxd5 13. Qd2 Nc5 14. Rfe1
Nxd3 15. cxd3 d4 16. Bh6 Bf5 17. Bxg7 Kxg7 18. Rbc1 Rad8 19. Rc4 a5 20. b4 a4
21. a3 Rd5 22. Rec1 Red8 23. Rc7 R8d7 24. Rxd7 Rxd7 25. Rc5 h6 26. g4 Be6 27.
Qf4 Qd8 28. Kh2 b6 29. Rc1 Bd5 30. h4 Bxf3 31. Qxf3 e6 32. Kg3 Rd5 33. Qe4 Qb8
34. f4 b5 35. Kf3 Qd8 36. g5 hxg5 37. hxg5 Qh8 38. Kg3 Qb8 39. Qh1 Qh8 40.
Qxh8+ Kxh8 41. Rc8+ Kg7 42. Kf3 Kh7 43. Ke4 Kg7 44. Rb8 Kh7 45. Ra8 Kg7 46. Rc8
Rd7 47. Rc5 Rb7 48. Kxd4 Kf8 49. Rc6 Rd7+ 50. Ke4 Ke7 51. Rb6 Rc7 52. Kd4 Rd7+
53. Kc3 Rd5 54. Rb7+ Kf8 55. d4 Ke8 56. Kd3 Kf8 57. Rc7 Ke8 58. Ke3 Kf8 59. Ke4
Ke8 60. Kd3 Kf8 61. Rc5 Ke7 62. Rxd5 exd5 63. Ke3 Kd7 64. Kf3 Ke7 65. Kg4 Ke6
66. f5+ Ke7 67. Kf4 1-0

[Event "Wch Rapid"]
[Site "St Petersburg"]
[Date "2018.12.26"]
[Round "2"]
[White "Aronian, Levon"]
[Black "Dzhumagaliev, Yan"]
[Result "1-0"]
[WhiteElo "2765"]
[BlackElo "2410"]
[PlyCount "100"]
[EventDate "2018.12.26"]
[EventType "swiss (rapid)"]
[EventRounds "15"]
[EventCountry "RUS"]
[SourceTitle "CBM 187 Extra"]
[Source "ChessBase"]
[SourceDate "2018.11.04"]
[SourceVersion "1"]
[SourceVersionDate "2018.11.04"]
[SourceQuality "1"]

1. c4 Nf6 2. Nc3 c5 3. g3 Nc6 4. Bg2 e6 5. Nf3 d5 6. cxd5 Nxd5 7. O-O Be7 8. d4
cxd4 9. Nxd5 exd5 10. Nxd4 O-O 11. Be3 Ne5 12. Qb3 Nc4 13. Rfd1 Nxe3 14. Qxe3
Bf6 15. Qb3 Qb6 16. Qxb6 axb6 17. Bxd5 Rd8 18. e4 Ra4 19. Nf3 g5 20. e5 Be7 21.
Bb3 Rxd1+ 22. Rxd1 Rb4 23. Rc1 Bg4 24. Ne1 Rd4 25. Nc2 Rd2 26. Ne3 Be6 27. Bxe6
fxe6 28. Nc4 Re2 29. Kf1 Re4 30. Nxb6 Rxe5 31. a4 g4 32. Rc7 Bb4 33. Rc4 Re1+
34. Kg2 Bd6 35. Rxg4+ Kf7 36. Rc4 Re2 37. b3 Rb2 38. Rc3 Bb4 39. Rf3+ Ke7 40.
Nc4 Rc2 41. g4 Bc5 42. g5 Bd4 43. h4 e5 44. Ne3 Rd2 45. Nf5+ Ke6 46. Nxd4+ exd4
47. h5 Rc2 48. g6 hxg6 49. hxg6 Rc7 50. Rg3 Rg7 1-0

[Event "Wch Rapid"]
[Site "St Petersburg"]
[Date "2018.12.26"]
[Round "3"]
[White "Tukhaev, Adam"]
[Black "Aronian, Levon"]
[Result "1/2-1/2"]
[WhiteElo "2527"]
[BlackElo "2765"]
[PlyCount "138"]
[EventDate "2018.12.26"]
[EventType "swiss (rapid)"]
[EventRounds "15"]
[EventCountry "RUS"]
[SourceTitle "CBM 187 Extra"]
[Source "ChessBase"]
[SourceDate "2018.11.04"]
[SourceVersion "1"]
[SourceVersionDate "2018.11.04"]
[SourceQuality "1"]

1. e4 g6 2. d4 Bg7 3. Nc3 c6 4. h4 d5 5. exd5 Nf6 6. dxc6 Nxc6 7. d5 Nb4 8. Bc4
Bf5 9. Bb3 a5 10. a3 a4 11. axb4 axb3 12. Rxa8 Qxa8 13. cxb3 O-O 14. Nge2 Rd8
15. Ng3 Be6 16. O-O Nxd5 17. Nxd5 Bxd5 18. Qe2 b6 19. f3 Qb8 20. Qxe7 Re8 21.
Bf4 Rxe7 22. Bxb8 Bxb2 23. Rd1 Rd7 24. Ne2 Bf6 25. Nf4 Be6 26. Rxd7 Bxd7 27.
Nd5 Bd4+ 28. Kh2 Be6 29. Ne7+ Kf8 30. Nc6 Be3 31. Kg3 Bxb3 32. Bf4 Bg1 33. Be5
Ba4 34. Bd4 Bxd4 35. Nxd4 Ke7 36. Kf4 Kd6 37. Ne2 h6 38. Nc3 Bc2 39. Ke3 Ke5
40. f4+ Ke6 41. g4 h5 42. g5 Kf5 43. Nd5 Kg4 44. Nxb6 Kxh4 45. b5 Bb3 46. Nc8
Bd5 47. b6 Kg3 48. Nd6 h4 49. b7 Bxb7 50. Nxb7 h3 51. Nc5 h2 52. Ne4+ Kg2 53.
Nf2 h1=Q 54. Nxh1 Kxh1 55. f5 Kg2 56. Kf4 Kh3 57. Kf3 Kh4 58. Kf4 Kh5 59. fxg6
fxg6 60. Kf3 Kxg5 61. Kg3 Kf5 62. Kf3 g5 63. Kg3 g4 64. Kg2 Kf4 65. Kf2 g3+ 66.
Kg2 Kg4 67. Kg1 Kf3 68. Kf1 g2+ 69. Kg1 Kg3 1/2-1/2

[Event "Wch Rapid"]
[Site "St Petersburg"]
[Date "2018.12.26"]
[Round "4"]
[White "Aronian, Levon"]
[Black "Tari, Aryan"]
[Result "1-0"]
[WhiteElo "2765"]
[BlackElo "2620"]
[PlyCount "89"]
[EventDate "2018.12.26"]
[EventType "swiss (rapid)"]
[EventRounds "15"]
[EventCountry "RUS"]
[SourceTitle "CBM 187 Extra"]
[Source "ChessBase"]
[SourceDate "2018.11.04"]
[SourceVersion "1"]
[SourceVersionDate "2018.11.04"]
[SourceQuality "1"]

1. e4 c6 2. d4 d5 3. exd5 cxd5 4. Bd3 Nc6 5. c3 Qc7 6. h3 Nf6 7. Nf3 g6 8. Qc2
Bg7 9. O-O O-O 10. Re1 Nh5 11. Be3 a6 12. Nbd2 Nf4 13. Bf1 Bf5 14. Qc1 Nd3 15.
Bxd3 Bxd3 16. Nb3 Be4 17. Bf4 Qd8 18. Ne5 Rc8 19. Nxc6 Rxc6 20. Nc5 e5 21. Bg5
Qc7 22. Qe3 Bf5 23. Rad1 Ra8 24. Bh6 Bxh6 25. Qxh6 b6 26. Nb3 Bc2 27. Rd2 Bxb3
28. axb3 e4 29. f3 exf3 30. Qg5 Re6 31. Rxe6 fxe6 32. Qe3 Re8 33. Qxf3 b5 34.
Re2 Qf7 35. Qg3 Qd7 36. Qe5 Qe7 37. b4 h5 38. Re1 Qd7 39. Rf1 Qe7 40. Rf6 Kh7
41. g4 hxg4 42. hxg4 Qd7 43. Qh2+ Kg7 44. g5 Rh8 45. Qe5 1-0

[Event "Wch Rapid"]
[Site "St Petersburg"]
[Date "2018.12.26"]
[Round "5"]
[White "Amin, Bassem"]
[Black "Aronian, Levon"]
[Result "0-1"]
[WhiteElo "2710"]
[BlackElo "2765"]
[PlyCount "72"]
[EventDate "2018.12.26"]
[EventType "swiss (rapid)"]
[EventRounds "15"]
[EventCountry "RUS"]
[SourceTitle "CBM 187 Extra"]
[Source "ChessBase"]
[SourceDate "2018.11.04"]
[SourceVersion "1"]
[SourceVersionDate "2018.11.04"]
[SourceQuality "1"]

1. Nf3 d5 2. g3 Nf6 3. Bg2 e6 4. O-O Be7 5. d3 O-O 6. Nbd2 a5 7. e4 a4 8. a3 c5
9. Re1 Nc6 10. e5 Nd7 11. Nf1 f6 12. exf6 Nxf6 13. Bf4 Bd6 14. Ne5 Qc7 15. Qe2
Nd4 16. Qd2 Nd7 17. Nxd7 Bxf4 18. gxf4 Bxd7 19. Re5 Nc6 20. Rae1 Nxe5 21. fxe5
Rf7 22. Ng3 Raf8 23. Re2 Qd8 24. Qe3 b6 25. c4 Bc6 26. Bh3 Rf3 27. Bxe6+ Kh8
28. Qd2 dxc4 29. Bxc4 b5 30. e6 bxc4 31. e7 Qd5 32. exf8=Q+ Rxf8 33. Ne4 cxd3
34. Re3 h6 35. Qc3 c4 36. Rg3 Qf7 0-1

[Event "Wch Rapid"]
[Site "St Petersburg"]
[Date "2018.12.27"]
[Round "6"]
[White "Aronian, Levon"]
[Black "Sargissian, Gabriel"]
[Result "1/2-1/2"]
[WhiteElo "2765"]
[BlackElo "2689"]
[PlyCount "40"]
[EventDate "2018.12.26"]
[EventType "swiss (rapid)"]
[EventRounds "15"]
[EventCountry "RUS"]
[SourceTitle "CBM 187 Extra"]
[Source "ChessBase"]
[SourceDate "2018.11.04"]
[SourceVersion "1"]
[SourceVersionDate "2018.11.04"]
[SourceQuality "1"]

1. e4 e5 2. Nf3 Nc6 3. Bb5 Nf6 4. O-O Nxe4 5. Re1 Nd6 6. Bf1 Be7 7. Nxe5 Nxe5
8. Rxe5 O-O 9. d4 Bf6 10. Re2 Re8 11. c3 Rxe2 12. Qxe2 Nf5 13. Bf4 c6 14. Qc2
d5 15. Bd3 g6 16. Nd2 Ng7 17. Re1 Bf5 18. Bxf5 Nxf5 19. Nf3 Qd7 20. h3 Re8
1/2-1/2

[Event "Wch Rapid"]
[Site "St Petersburg"]
[Date "2018.12.27"]
[Round "7"]
[White "Savchenko, Boris"]
[Black "Aronian, Levon"]
[Result "1/2-1/2"]
[WhiteElo "2562"]
[BlackElo "2765"]
[PlyCount "100"]
[EventDate "2018.12.26"]
[EventType "swiss (rapid)"]
[EventRounds "15"]
[EventCountry "RUS"]
[SourceTitle "CBM 187 Extra"]
[Source "ChessBase"]
[SourceDate "2018.11.04"]
[SourceVersion "1"]
[SourceVersionDate "2018.11.04"]
[SourceQuality "1"]

1. e4 e5 2. f4 exf4 3. Bc4 Nf6 4. Nc3 c6 5. Bb3 d5 6. exd5 cxd5 7. d4 Bd6 8.
Nge2 Bg4 9. O-O g5 10. Nxd5 Nxd5 11. Bxd5 Nc6 12. Qd3 Qb6 13. Kh1 O-O-O 14. c3
Bc7 15. Bf3 h5 16. Bxg4+ hxg4 17. Qf5+ Kb8 18. Qxg4 Qb5 19. a4 Qd3 20. Qf3 Qh7
21. h3 Rdg8 22. Nxf4 g4 23. Qd3 f5 24. Bd2 gxh3 25. g3 Rd8 26. Ne6 Ne5 27. Qxf5
Qd7 28. Nxc7 Qc6+ 29. d5 Rxd5 30. Nxd5 Qxd5+ 31. Rf3 Re8 32. Rd1 a6 33. c4
Qxf3+ 34. Qxf3 Nxf3 35. Bf4+ Kc8 36. Rf1 Re1 37. Rxe1 Nxe1 38. Kh2 Nd3 39. b3
Nc5 40. b4 Nxa4 41. g4 Nb2 42. g5 Kd7 43. c5 Nd3 44. Bd2 Nf2 45. Be1 Nd3 46.
Bc3 Nf2 47. Bd4 Nd3 48. Kxh3 Nxb4 49. g6 Ke6 50. Kg4 Nc6 1/2-1/2

[Event "Wch Rapid"]
[Site "St Petersburg"]
[Date "2018.12.27"]
[Round "8"]
[White "Aronian, Levon"]
[Black "Alekseev, Evgeny V"]
[Result "0-1"]
[WhiteElo "2765"]
[BlackElo "2639"]
[PlyCount "136"]
[EventDate "2018.12.26"]
[EventType "swiss (rapid)"]
[EventRounds "15"]
[EventCountry "RUS"]
[SourceTitle "CBM 187 Extra"]
[Source "ChessBase"]
[SourceDate "2018.11.04"]
[SourceVersion "1"]
[SourceVersionDate "2018.11.04"]
[SourceQuality "1"]

1. Nf3 c5 2. e4 e6 3. d4 cxd4 4. Nxd4 Nc6 5. Nc3 a6 6. g3 d6 7. Bg2 Bd7 8. O-O
Nf6 9. Nce2 b5 10. a4 b4 11. b3 Rc8 12. Re1 Be7 13. Nxc6 Bxc6 14. Nd4 Ba8 15.
Qd3 Qa5 16. Bb2 O-O 17. e5 dxe5 18. Bxa8 Rxa8 19. Nc6 Qc7 20. Nxe7+ Qxe7 21.
Bxe5 Rfd8 22. Qe2 Qb7 23. Rad1 Rac8 24. Rxd8+ Rxd8 25. Rd1 Rxd1+ 26. Qxd1 Nd5
27. Qg4 g6 28. Qd4 Qe7 29. Qc4 Qb7 30. Qc5 f6 31. Bd4 Kf7 32. Qd6 g5 33. Bc5 e5
34. Qf8+ Ke6 35. Qg8+ Kf5 36. f3 h5 37. Kf2 Nc3 38. Qc4 a5 39. h3 Qd5 40. Qxd5
Nxd5 41. Ke2 h4 42. gxh4 gxh4 43. Bf2 Kg5 44. Kf1 Kf4 45. Ke2 Nc3+ 46. Ke1 Kxf3
47. Bb6 f5 48. Bxa5 Nd5 49. Bd8 Kg3 50. a5 f4 51. Bb6 e4 52. Bc5 f3 53. Bf2+
Kg2 54. a6 e3 55. Bxe3 Nxe3 56. a7 f2+ 57. Kd2 f1=Q 58. a8=Q+ Qf3 59. Qb8 Nd5
60. Qg8+ Kxh3 61. Kc1 Kh2 62. Kb1 Qe4 63. Qb8+ Nf4 64. Qg8 h3 65. Qg4 Qe3 66.
Qf5 Kg2 67. Qg4+ Qg3 68. Qd1 h2 0-1

[Event "Wch Rapid"]
[Site "St Petersburg"]
[Date "2018.12.27"]
[Round "9"]
[White "Rakhmanov, Alexander"]
[Black "Aronian, Levon"]
[Result "1-0"]
[WhiteElo "2629"]
[BlackElo "2765"]
[PlyCount "137"]
[EventDate "2018.12.26"]
[EventType "swiss (rapid)"]
[EventRounds "15"]
[EventCountry "RUS"]
[SourceTitle "CBM 187 Extra"]
[Source "ChessBase"]
[SourceDate "2018.11.04"]
[SourceVersion "1"]
[SourceVersionDate "2018.11.04"]
[SourceQuality "1"]

1. c4 Nf6 2. Nc3 e5 3. e3 Bb4 4. Nge2 O-O 5. a3 Be7 6. d4 exd4 7. exd4 d5 8.
Nf4 Re8 9. Be3 Ng4 10. Qf3 c5 11. O-O-O Nc6 12. Ncxd5 cxd4 13. Nxe7+ Rxe7 14.
Bd2 Nce5 15. Qg3 Nf6 16. Bb4 Re8 17. Nd5 Ne4 18. Qf4 Ng6 19. Qc7 Qh4 20. Rxd4
Bf5 21. Bd3 Qxf2 22. Bxe4 Rxe4 23. Rd2 Qh4 24. b3 Rae8 25. Rhd1 Kh8 26. Qxf7
Bg4 27. Bc3 Qh6 28. Rf1 Re2 29. h3 Bc8 30. Nf4 R2e7 31. Nxg6+ hxg6 32. Qf4 Kh7
33. Qxh6+ gxh6 34. a4 h5 35. Kb2 Bf5 36. Bd4 a6 37. Kc3 Rd7 38. Rf4 Re4 39.
Rxe4 Bxe4 40. b4 g5 41. Re2 Bf5 42. b5 axb5 43. axb5 Kg6 44. Re5 Rd6 45. Re7
Rd7 46. Re8 g4 47. h4 Rd6 48. g3 Kf7 49. Re5 Bg6 50. Rc5 Re6 51. Be5 Re7 52.
Bf4 Ke6 53. Kb4 Kd7 54. Ka5 Rh7 55. Kb6 Ke6 56. Bc7 Kd7 57. Kxb7 Be4+ 58. Kb6
Rh6+ 59. Ka5 Rh8 60. Bf4 Bf3 61. Rc7+ Ke6 62. c5 Kd5 63. c6 Kc5 64. Be3+ Kc4
65. Rf7 Re8 66. Ba7 Re5 67. Rf4+ Kd5 68. c7 Re8 69. Rd4+ 1-0

[Event "Wch Rapid"]
[Site "St Petersburg"]
[Date "2018.12.27"]
[Round "10"]
[White "Aronian, Levon"]
[Black "Gabrielian, Artur"]
[Result "1-0"]
[WhiteElo "2765"]
[BlackElo "2499"]
[PlyCount "109"]
[EventDate "2018.12.26"]
[EventType "swiss (rapid)"]
[EventRounds "15"]
[EventCountry "RUS"]
[SourceTitle "CBM 187 Extra"]
[Source "ChessBase"]
[SourceDate "2018.11.04"]
[SourceVersion "1"]
[SourceVersionDate "2018.11.04"]
[SourceQuality "1"]

1. d4 Nf6 2. Bf4 g6 3. Nc3 d5 4. Nb5 Na6 5. e3 c6 6. Nc3 Nc7 7. h3 Bg7 8. Nf3
O-O 9. Be2 Bf5 10. O-O Ne4 11. Nxe4 Bxe4 12. Nd2 Bf5 13. Bh2 a5 14. c4 Be6 15.
Qb3 Qc8 16. Rac1 Rd8 17. Rfd1 Ne8 18. Qa3 Nd6 19. cxd5 Bxd5 20. Bg4 Be6 21. Bf3
Qd7 22. Qa4 h5 23. Rc5 Qe8 24. a3 Bf5 25. Rdc1 Nb5 26. Nc4 Be6 27. Ne5 Ra6 28.
Be2 Rd5 29. Nd3 Ra8 30. Rxd5 Bxd5 31. Nf4 Nd6 32. Nxd5 cxd5 33. Qb3 Rc8 34. Rc5
Ne4 35. Rc2 a4 36. Qb5 Qd8 37. Qxa4 Rxc2 38. Qxc2 Qa5 39. Qc1 Bh6 40. Bd3 h4
41. Kf1 Kg7 42. Ke2 e6 43. Qc2 Nf6 44. Qc5 Qa4 45. Be5 Qb3 46. Qc2 Qa2 47. f4
g5 48. Kf3 b6 49. g4 hxg3 50. Kxg3 b5 51. Kf3 b4 52. fxg5 Bxg5 53. Qg2 Kh6 54.
h4 Ne4 55. hxg5+ 1-0

[Event "Wch Rapid"]
[Site "St Petersburg"]
[Date "2018.12.28"]
[Round "12"]
[White "Aronian, Levon"]
[Black "Kevlishvili, Robby"]
[Result "1/2-1/2"]
[WhiteElo "2765"]
[BlackElo "2451"]
[PlyCount "186"]
[EventDate "2018.12.26"]
[EventType "swiss (rapid)"]
[EventRounds "15"]
[EventCountry "RUS"]
[SourceTitle "CBM 187 Extra"]
[Source "ChessBase"]
[SourceDate "2018.11.04"]
[SourceVersion "1"]
[SourceVersionDate "2018.11.04"]
[SourceQuality "1"]

1. d4 d5 2. c4 c6 3. Nf3 Nf6 4. Nbd2 Bf5 5. Nh4 Be6 6. e3 g6 7. Nhf3 Bg7 8. Qb3
Qb6 9. Qa3 Nbd7 10. b3 a5 11. Bb2 Qb4 12. Be2 O-O 13. O-O Bg4 14. cxd5 Nxd5 15.
Bc4 N7b6 16. Rfc1 Rfe8 17. Bf1 Nd7 18. Nc4 Bxf3 19. gxf3 Qxa3 20. Nxa3 e5 21.
Nc2 exd4 22. Bxd4 Bxd4 23. Nxd4 Nf8 24. a3 Ne6 25. Nxe6 Rxe6 26. Rd1 Re7 27.
Rac1 Kf8 28. f4 Nb6 29. Bh3 Ke8 30. Rc5 a4 31. b4 Rd8 32. Rdc1 Rd5 33. b5 Rxc5
34. Rxc5 Rc7 35. Bg2 Kd7 36. bxc6+ bxc6 37. Kf1 Kd6 38. Ra5 f5 39. h4 Rc8 40.
h5 Ra8 41. Rxa8 Nxa8 42. hxg6 hxg6 43. Ke2 Nc7 44. Kd3 Nb5 45. Bf3 Nxa3 46. Bd1
Nb5 47. Bxa4 Nc7 48. Bb3 Ke7 49. Kd4 Kf6 50. Kc5 g5 51. Kxc6 gxf4 52. exf4 Ne8
53. Kd5 Ng7 54. Kd4 Nh5 55. Ke3 Ke7 56. Bd1 Nf6 57. Bb3 Kd6 58. Kf3 Nh5 59. Bf7
Nf6 60. Bc4 Nh5 61. Ke3 Nf6 62. Ba6 Nd5+ 63. Kf3 Ke7 64. Bc4 Nf6 65. Bd3 Ke6
66. Bc2 Ne8 67. Ba4 Nd6 68. Ke3 Kf6 69. Bc6 Ke6 70. Kd4 Nc8 71. Kc5 Ne7 72. Be8
Ng8 73. Bb5 Ne7 74. Kd4 Ng6 75. Ke3 Nf8 76. Kf3 Kf6 77. Kg3 Ne6 78. Bc4 Nd4 79.
Bd5 Ke7 80. Kg2 Kd6 81. Bc4 Kc5 82. Ba2 Kd6 83. Kf1 Nc6 84. Ke2 Ne7 85. Ke3 Ng6
86. Bf7 Nf8 87. Bh5 Ke6 88. Kf3 Kf6 89. Be8 Ke7 90. Bc6 Ke6 91. Ke3 Ng6 92. Be8
Nf8 93. Bb5 Ng6 1/2-1/2

[Event "Wch Rapid"]
[Site "St Petersburg"]
[Date "2018.12.28"]
[Round "13"]
[White "Indjic, Aleksandar"]
[Black "Aronian, Levon"]
[Result "1-0"]
[WhiteElo "2620"]
[BlackElo "2765"]
[PlyCount "85"]
[EventDate "2018.12.26"]
[EventType "swiss (rapid)"]
[EventRounds "15"]
[EventCountry "RUS"]
[SourceTitle "CBM 187 Extra"]
[Source "ChessBase"]
[SourceDate "2018.11.04"]
[SourceVersion "1"]
[SourceVersionDate "2018.11.04"]
[SourceQuality "1"]

1. d4 Nf6 2. c4 e6 3. Nf3 d5 4. Nc3 a6 5. c5 Nc6 6. Bf4 Be7 7. e3 Nh5 8. h4
Nxf4 9. exf4 b6 10. cxb6 cxb6 11. Bd3 Bb7 12. g3 Bf6 13. Ne2 Qd6 14. Kf1 Nb4
15. Bb1 a5 16. a3 Nc6 17. Bd3 h5 18. Kg2 g6 19. Nc3 Kf8 20. Nb5 Qd8 21. Rc1 Kg7
22. Rc3 Na7 23. Nxa7 Rxa7 24. Qc2 Bc8 25. Bb5 Bd7 26. Bxd7 Qxd7 27. Rc1 b5 28.
Rc6 Rb8 29. b3 Qe7 30. Rc5 Qf8 31. Ne5 Be7 32. Nc6 Bxc5 33. dxc5 Raa8 34. Nxb8
Qxb8 35. c6 Qc7 36. Qc3+ Kg8 37. Qc5 Rb8 38. b4 a4 39. Kf3 e5 40. Qxd5 Rd8 41.
Qxe5 Qc8 42. Kg2 Re8 43. Qxb5 1-0

[Event "Wch Rapid"]
[Site "St Petersburg"]
[Date "2018.12.28"]
[Round "14"]
[White "Aronian, Levon"]
[Black "Popov, Ivan1"]
[Result "1/2-1/2"]
[WhiteElo "2765"]
[BlackElo "2592"]
[PlyCount "110"]
[EventDate "2018.12.26"]
[EventType "swiss (rapid)"]
[EventRounds "15"]
[EventCountry "RUS"]
[SourceTitle "CBM 187 Extra"]
[Source "ChessBase"]
[SourceDate "2018.11.04"]
[SourceVersion "1"]
[SourceVersionDate "2018.11.04"]
[SourceQuality "1"]

1. e4 c5 2. Nf3 Nf6 3. e5 Nd5 4. Nc3 Nxc3 5. dxc3 Nc6 6. Bf4 e6 7. Qd2 h6 8. h4
Qc7 9. Rh3 a6 10. Qe3 b5 11. a4 b4 12. Nd2 bxc3 13. bxc3 Ne7 14. Nc4 Nd5 15.
Qd2 Bb7 16. Rg3 Qd8 17. Rg4 h5 18. Rg5 g6 19. Bd3 Rg8 20. Bg3 Bc6 21. Kf1 Be7
22. f4 Nb6 23. Nd6+ Bxd6 24. exd6 f5 25. Qe3 Kf7 26. Qxc5 Nd5 27. c4 Nf6 28.
Bf2 Ne4 29. Qe5 Qf6 30. Bxe4 Qxe5 31. fxe5 Bxe4 32. Rg3 Bxc2 33. Bb6 Rab8 34.
c5 Be4 35. Rg5 Bc6 36. Ke2 Rh8 37. Ke3 Rhg8 38. Kf4 Rh8 39. Rg3 Rhg8 40. Ra2
Kg7 41. a5 Kh6 42. Rb2 Rb7 43. Rg5 Rf8 44. Rb4 Rg8 45. Kg3 Rf8 46. Kf2 Rg8 47.
Rf4 Rbb8 48. Ke3 Rgf8 49. Rf3 Bxf3 50. gxf3 Rfc8 51. Kf4 Rc6 52. Rg1 Rbc8 53.
Rc1 Rb8 54. Rg1 Rbc8 55. Rc1 Rb8 1/2-1/2

[Event "Wch Rapid"]
[Site "St Petersburg"]
[Date "2018.12.28"]
[Round "15"]
[White "Mikhalevski, Victor"]
[Black "Aronian, Levon"]
[Result "0-1"]
[WhiteElo "2579"]
[BlackElo "2765"]
[PlyCount "102"]
[EventDate "2018.12.26"]
[EventType "swiss (rapid)"]
[EventRounds "15"]
[EventCountry "RUS"]
[SourceTitle "CBM 187 Extra"]
[Source "ChessBase"]
[SourceDate "2018.11.04"]
[SourceVersion "1"]
[SourceVersionDate "2018.11.04"]
[SourceQuality "1"]

1. d4 Nf6 2. Nf3 e6 3. c4 d5 4. g3 dxc4 5. Bg2 Nc6 6. Qa4 Bb4+ 7. Bd2 Nd5 8.
Bxb4 Ndxb4 9. Na3 O-O 10. O-O a6 11. Ne5 Nxe5 12. dxe5 Qe7 13. Nxc4 Bd7 14. Qb3
Rab8 15. a3 Nc6 16. Qc3 Rfd8 17. Rac1 Be8 18. e3 h6 19. h4 Na7 20. Na5 c5 21.
Nc4 Bc6 22. Bxc6 Nxc6 23. Nb6 Qc7 24. Qxc5 Qxe5 25. Qxe5 Nxe5 26. Rfd1 g5 27.
hxg5 hxg5 28. Kf1 Kg7 29. Ke2 Rxd1 30. Rxd1 Rh8 31. Rd4 f5 32. Nc4 Ng4 33. Rd7+
Kf6 34. f3 Rh2+ 35. Ke1 b5 36. fxg4 bxc4 37. gxf5 Kxf5 38. Rd4 Rxb2 39. Rxc4
Rb3 40. Ra4 Rxe3+ 41. Kf2 Rb3 42. Rxa6 e5 43. Ra4 e4 44. Ra5+ Kg4 45. Re5 Rf3+
46. Ke2 Rxa3 47. Kf2 Rf3+ 48. Ke2 Rf5 49. Rxe4+ Kxg3 50. Re3+ Kg2 51. Re4 Rf4
0-1

[Event "chess.com Speed"]
[Site "Chess.com INT"]
[Date "2019.10.03"]
[Round "1.7"]
[White "Aronian, Levon"]
[Black "Firouzja, Alireza"]
[Result "1-0"]
[WhiteElo "2758"]
[BlackElo "2702"]
[PlyCount "53"]
[EventDate "2019.09.02"]
[EventType "k.o. (blitz)"]
[EventRounds "4"]
[EventCountry "USA"]
[SourceTitle "EXT 2020"]
[Source "ChessBase"]
[SourceDate "2019.10.17"]
[SourceVersion "1"]
[SourceVersionDate "2019.10.17"]
[SourceQuality "1"]

1. c4 Nf6 2. Nc3 g6 3. e4 d6 4. d4 Bg7 5. Nge2 O-O 6. f3 c5 7. d5 e6 8. Ng3
exd5 9. cxd5 a6 10. a4 Nbd7 11. Be2 Ne8 12. O-O Rb8 13. Be3 Nc7 14. Qd2 b5 15.
Bh6 Re8 16. Bxg7 Kxg7 17. f4 Nf6 18. e5 dxe5 19. d6 Rb6 20. Rad1 b4 21. fxe5
Rxe5 22. Qf4 bxc3 23. Qxe5 Nce8 24. bxc3 Rxd6 25. Ne4 Rxd1 26. Rxd1 Qb6 27.
Nxf6 1-0

[Event "chess.com Speed"]
[Site "Chess.com INT"]
[Date "2019.11.14"]
[Round "2.11"]
[White "Aronian, Levon"]
[Black "Artemiev, Vladislav"]
[Result "0-1"]
[WhiteElo "2758"]
[BlackElo "2746"]
[PlyCount "100"]
[EventDate "2019.09.02"]
[EventType "k.o. (blitz)"]
[EventRounds "4"]
[EventCountry "USA"]
[SourceTitle "CBM 193 Extra"]
[Source "ChessBase"]
[SourceDate "2020.01.31"]
[SourceVersion "1"]
[SourceVersionDate "2020.01.31"]
[SourceQuality "1"]

1. d4 d5 2. Nf3 Nf6 3. c4 c6 4. Nc3 a6 5. cxd5 cxd5 6. Bf4 Nc6 7. e3 Nh5 8. Be5
e6 9. h3 Bd6 10. Bd3 f5 11. g4 Nf6 12. gxf5 exf5 13. Bxf6 Qxf6 14. Nxd5 Qd8 15.
Qb3 b5 16. Qc2 Bb4+ 17. Nc3 O-O 18. Rg1 Kh8 19. O-O-O Bb7 20. Kb1 Rc8 21. Ng5
Bxc3 22. Qxc3 Ne5 23. Qb3 Nxd3 24. Rxd3 Qe7 25. Ne6 Rf7 26. Nc5 Bf3 27. Rc3
Rff8 28. a3 Rce8 29. Nd3 Be4 30. Ka1 Bxd3 31. Rxd3 Qh4 32. Rg3 f4 33. Rf3 Qh5
34. exf4 Re1+ 35. Ka2 Qg6 36. Rg3 Qd6 37. Rde3 Rf1 38. Qe6 Qxd4 39. Qe5 Qc4+
40. Rb3 Rg8 41. Rgc3 Qf7 42. Rc7 Qg6 43. Rg3 Qb1+ 44. Kb3 Qd1+ 45. Kb4 Qd2+ 46.
Qc3 Qxf4+ 47. Ka5 b4 48. axb4 Qf5+ 49. Qc5 Qf4 50. Rgxg7 Rxg7 0-1